00542nam a22001817a 450000500170000000800410001702000180005804000070007604100120008308200170009510000150011224500260012726000670015330000280022036500570024865000260030565000290033120260331111356.0260331b |||||||| |||| 00| 0 eng d a9789339219529 cAL aEnglish a621.38bSIND aT L Singal aDigital communication aNew DelhibMcGraw Hill Education (India) Private Limitedc2015 axxv,508p.bPBc24x18cm. aVBI-2645b₹431.25c₹d₹575.00e25%f20-02-2026 aCommunication Systems a“Digital Communication